00500nam a2200193 a 4500001001300000003000900013005001700022008004100039020001000080082001300090100001900103245004900122260002400171300001000195500003500205505002400240650002300264700001900287nice12345678IN_TiNIC20260116011335.0050524s1955 lona grp 000 0 eng  ac10000a297bKAB aKabir, Humayun aScience Democracy and Islam and Other Essays aLondonbGeorgc1955 a126p. aincludes index and biblioraphy2 aBibliographt, Index aIslam-Meccan Trade1 aKabir, Humayun